Australian Foods - Statistics

General Stats
  • This quiz has been taken 173 times
  • The average score is 7 of 17
Answer Stats
Hint Answer % Correct
Concentrated yeast extract eaten as a spread. vegemite
92%
Sponge cake with an icing and coconut coating. lamington
85%
Steak from a native animal. kangaroo
72%
Chocolate coated cherry mixture. cherry ripe
54%
Chocolate malt beverage. milo
50%
White, chewy and mint flavoured. minties
40%
Chocolate coated sandwich biscuits. tim tams
39%
A native fish eaten grilled, fried and in many dishes. barramundi
35%
Deep fried or steamed dumplings filled with meat and cabbage. dim sim
35%
Big cereal bars. weet bix
29%
Candy sticks that look like cigarettes. fads
28%
Hard, chewy caramel fudges coated by chocolate. fantales
28%
Former name of the above. fags
26%
Thick spring roll filled with mutton and vegetables. chiko roll
20%
Biscuit topped with marshmallow, coconut and strawberry jam. iced vovo
16%
Chocolate bar with marshmallow filled wafer. pollywaffle
6%
Curry made from a processed meat. curried sausages
5%
No matching quizzes found
Score Distribution
Percent of People with Each Score
Percentile by Number Answered
Your Score History
You have not taken this quiz